Score 0/16 Timer 06:00
0 Plays Today
Pattern Word % Correct
X _ _ _ Xxerox
81.1%
Q _ _ _ Rqueer
79.1%
Y _ _ _ Gyoung
68.8%
Q _ _ _ Mqualm
60.6%
A _ _ _ Faloof
59.5%
Q _ _ _ Aquota
59.2%
W _ _ _ Wwidow
47.5%
D _ _ _ Pdroop
47.1%
Pattern Word % Correct
Z _ _ _ Hzilch
46%
B _ _ _ Bblurb
42.9%
A _ _ _ Uadieu
41.2%
V _ _ _ Gvying
35.7%
T _ _ _ Fthief
28.4%
M _ _ _ Fmotif
28.4%
K _ _ _ Zklutz
22%
E _ _ _ Cethic
20.9%
Remove Ads.
Support Sporcle.
Get the best of Sporcle when you Go Orange. This ad-free experience offers more features, more stats, and more fun while also helping to support Sporcle. Thank you for becoming a member.

You're not logged in!

Compare scores with friends on all Sporcle quizzes.
OR
Log In

Show Comments

Extras

Top Quizzes Today


Score Distribution

Your Account Isn't Verified!

In order to create a playlist on Sporcle, you need to verify the email address you used during registration. Go to your Sporcle Settings to finish the process.

Report this User

Report this user for behavior that violates our Community Guidelines.

Details: